[Spomienky diplomata už neexistujúceho štátu]
Recenzia na publikáciu, ktorá podáva čitateľovi pohľad na vzťahy bývalého Československa s bývalým Sovietskym zväzom.
Uložené v:
| Hlavný autor: | |
|---|---|
| Médium: | Kapitola |
| Jazyk: | Slovak |
| Predmet: | |
| Tagy: |
Žiadne tagy, Buďte prvý, kto otaguje tento záznam!
|
MARC
| LEADER | 00000nla a2200000 4500 | ||
|---|---|---|---|
| 001 | 0180713 | ||
| 005 | 20240502073104.1 | ||
| 041 | 0 | |a slo | |
| 044 | |a SK | ||
| 245 | 1 | 0 | |a [Spomienky diplomata už neexistujúceho štátu] |c Katarína Strelková |
| 520 | |a Recenzia na publikáciu, ktorá podáva čitateľovi pohľad na vzťahy bývalého Československa s bývalým Sovietskym zväzom. | ||
| 610 | 2 | 0 | |a politika medzinárodná |
| 610 | 2 | 0 | |a Československo |
| 610 | 2 | 0 | |a ZSSR |
| 610 | 2 | 0 | |a diplomacia |
| 610 | 2 | 0 | |a recenzie |
| 100 | 1 | |a Strelková, Katarína | |